000 00262nam a22001097a 4500
082 _a660 LAP'D
100 _aLAPIDUS, LEON
_978786
245 _aDIGITAL COMPUTATION FOR CHEMICAL ENGINEERS
260 _aNEWYORK
_bMCGRAW HILL
_c1962
300 _a407P
942 _cBK
999 _c583864
_d583864